| 000 | 00654nam a2200169 i 4500 | ||
|---|---|---|---|
| 001 | 21679 | ||
| 003 | ES-MaACL | ||
| 005 | 20230906152527.0 | ||
| 007 | t| | ||
| 008 | 021127q19001999sp ||||1| spa d | ||
| 100 | 1 |
_aAlbiñana Sanz, José María, _d1883-1936 _919387 |
|
| 245 | 1 | 0 |
_aFraternidad y cultura _b: medios que pueden ponerse en práctica por el Estado, Corporaciones o particulares para auxiliar a los estudiantes que no dispongan de medios de fortuna / _cJosé María Albiñana Sanz. |
| 260 |
_aValencia : _b[s.n., _c1904?] ( _fVda. de Pascual) |
||
| 300 |
_a32 p. ; _c22 cm. |
||
| 852 |
_aES-MaACL _jT-1062-F-3 |
||
| 999 |
_c21679 _d21679 |
||